| 000 | 00502nam a22001697a 4500 | ||
|---|---|---|---|
| 003 | NUST | ||
| 038 | _aNusrat Nadeem | ||
| 082 | _a200 | ||
| 100 |
_aKhattak, Nabiha _9125306 |
||
| 245 |
_aNUTECH – Case Analysis HR Office/ _cNabiha Khattak, |
||
| 264 |
_aIslamabad; _bNBS NUST; _c2024. |
||
| 300 |
_a53,p; _bill _c30,cm. |
||
| 650 |
_a Executive MBA _9120079 |
||
| 700 |
_aSupervisor: Mr. Mommin Durrani _9119947 |
||
| 856 | _uhttp://10.250.8.41:8080/xmlui/handle/123456789/45686 | ||
| 942 |
_2ddc _cSC |
||
| 999 |
_c611063 _d611063 |
||